000
00332nam a2200121Ia 4500
008
191206s9999 xx 000 0 und d
090
_a
PN1601.R57
245
0
_a
100 modern poems
260
_a
Pellegrini & Cudahy
260
_c
c1949
300
_a
"xxx, 191 p. ; 22 cm."
999
_c
15332
_d
15332